000 01003cam a2200277 a 4500
999 _c27682
_d27682
001 1980691
003 OSt
005 20170209162441.0
008 891227s1990 ctua b 001 0 eng
010 _a 89021479
020 _a0300047541 (alk. paper)
040 _aDLC
_cDLC
_dDLC
050 0 0 _aN71
_b.S18 1990
082 0 0 _a701/.15
_220
100 1 _aSarason, Seymour Bernard,
_d1919-2010.
245 1 4 _aThe challenge of art to psychology /
_cSeymour B. Sarason.
260 _aNew Haven :
_bYale University Press,
_cc1990.
300 _axi, 188 p. :
_bill. ;
_c25 cm.
504 _aIncludes bibliographical references (p. 185-186) and index.
650 0 _aArt
_xPsychology.
650 0 _aCreation (Literary, artistic, etc.)
650 0 _aArt and society.
906 _a7
_bcbc
_corignew
_d1
_eocip
_f19
_gy-gencatlg
942 _2lcc
_cBOOKS
_hN 71 .S18 1990